000 00674nam a2200181Ia 4500
008 090123s9999 xx 000 0 und d
082 _b34332
100 _aगजेंद्रगडकर भारत
245 _aधाराशिव ते उस्मानाबाद
250 _a0
260 _bग्रंथाली प्रकाशन
_c2002
300 _a73
600 _aगजेंद्रगडकर भारत
630 _aधाराशिव ते उस्मानाबाद
700 _aगजेंद्रगडकर भारत
730 _aधाराशिव ते उस्मानाबाद
942 _cBOOK
999 _c72386
_d72386